| 000 | 00342nam a2200157Ia 4500 | ||
|---|---|---|---|
| 001 | 28224 | ||
| 003 | IN-NITTTR | ||
| 005 | 20251114233349.0 | ||
| 008 | 251113s9999||||xx |||||||||||||| ||eng|| | ||
| 040 | _beng | ||
| 040 | _cIN-NITTTR | ||
| 041 | _aeng | ||
| 082 | _a305.40954 S64B h | ||
| 245 | 0 | _aBhartiya mahila udyyami / | |
| 942 |
_2ddc _cBK |
||
| 999 |
_c30852 _d30852 |
||